| 000 | 00354 a2200157 4500 | ||
|---|---|---|---|
| 001 | 150112 | ||
| 040 | _cEscola São Tomás de Aquino | ||
| 100 | _aBANDEIRA, Manuel | ||
| 240 | 1 | 0 |
_aBerimbau e outros poemas _lpor |
| 245 | 1 | 0 | _aBerimbau e outros poemas |
| 300 | _a57 | ||
| 362 | 0 | _a1994 | |
| 440 | 1 | _aNova Fronteira | |
| 697 | _aPoesia | ||
| 942 | _cBK | ||
| 999 |
_c150112 _d150112 |
||